International Law:Bangladesh Perspective (Record no. 2233)
[ view plain ]
| 000 -LEADER | |
|---|---|
| fixed length control field | 00590nam a2200205Ia 4500 |
| 003 - CONTROL NUMBER IDENTIFIER | |
| control field | BUBTL |
| 008 - FIXED-LENGTH DATA ELEMENTS--GENERAL INFORMATION | |
| fixed length control field | 151213s9999 xx 000 0 und d |
| 082 ## - DEWEY DECIMAL CLASSIFICATION NUMBER | |
| Classification number | 341/H338i |
| 100 ## - MAIN ENTRY--PERSONAL NAME | |
| Personal name | Rashid, Barrister Harunur |
| 9 (RLIN) | 3910 |
| 245 ## - TITLE STATEMENT | |
| Title | International Law:Bangladesh Perspective |
| Statement of responsibility, etc. | Barrister Harunur Rashid |
| 250 ## - EDITION STATEMENT | |
| Edition statement | 3rd |
| 260 ## - PUBLICATION, DISTRIBUTION, ETC. (IMPRINT) | |
| Place of publication, distribution, etc. | Dhaka |
| Name of publisher, distributor, etc. | Anupam Gyan Dhander |
| Date of publication, distribution, etc. | c 2004 |
| 300 ## - PHYSICAL DESCRIPTION | |
| Extent | 513p . : |
| Other physical details | 21 cm. |
| 650 ## - SUBJECT ADDED ENTRY--TOPICAL TERM | |
| Topical term or geographic name as entry element | Law |
| 9 (RLIN) | 3911 |
| 650 ## - SUBJECT ADDED ENTRY--TOPICAL TERM | |
| Topical term or geographic name as entry element | Law |
| 9 (RLIN) | 3911 |
| 700 ## - ADDED ENTRY--PERSONAL NAME | |
| Personal name | Barrister Harunur Rashid |
| 9 (RLIN) | 3912 |
| 856 ## - ELECTRONIC LOCATION AND ACCESS | |
| Password | 0 |
| Logon | 0 |
| Link text | Download |
| 942 ## - ADDED ENTRY ELEMENTS (KOHA) | |
| Source of classification or shelving scheme | |
| Koha item type | Books |
| Withdrawn status | Lost status | Source of classification or shelving scheme | Damaged status | Not for loan | Collection code | Permanent location | Current location | Shelving location | Date acquired | Inventory number | Total Checkouts | Full call number | Barcode | Date last seen | Copy number | Price effective from | Koha item type |
|---|---|---|---|---|---|---|---|---|---|---|---|---|---|---|---|---|---|
| Non-fiction | Bangladesh University of Business and Technology Library | Bangladesh University of Business and Technology Library | Law Stacks | 02/17/2021 | 3151 | 341/H338i | BUBTL-20033151 | 02/17/2021 | C-1 | 02/17/2021 | Books | ||||||
| Not For Loan | Non-fiction | Bangladesh University of Business and Technology Library | Bangladesh University of Business and Technology Library | Law Stacks | 02/17/2021 | 5977 | 341/H338i | BUBTL-20035977 | 02/17/2021 | C-2 | 02/17/2021 | Books | |||||
| Non-fiction | Bangladesh University of Business and Technology Library | Bangladesh University of Business and Technology Library | Law Stacks | 02/17/2021 | 5979 | 341/H338i | BUBTL-20035979 | 02/17/2021 | C-3 | 02/17/2021 | Books | ||||||
| Non-fiction | Bangladesh University of Business and Technology Library | Bangladesh University of Business and Technology Library | Law Stacks | 02/17/2021 | 5980 | 341/H338i | BUBTL-20035980 | 02/17/2021 | C-4 | 02/17/2021 | Books | ||||||
| Non-fiction | Bangladesh University of Business and Technology Library | Bangladesh University of Business and Technology Library | Law Stacks | 02/17/2021 | 5982 | 341/H338i | BUBTL-20035982 | 02/17/2021 | C-5 | 02/17/2021 | Books | ||||||
| Not For Loan | Non-fiction | Bangladesh University of Business and Technology Library | Bangladesh University of Business and Technology Library | Law Stacks | 02/17/2021 | 5984 | 341/H338i | BUBTL-20035984 | 02/17/2021 | C-6 | 02/17/2021 | Books | |||||
| Non-fiction | Bangladesh University of Business and Technology Library | Bangladesh University of Business and Technology Library | Law Stacks | 02/17/2021 | 5985 | 341/H338i | BUBTL-20035985 | 02/17/2021 | C-7 | 02/17/2021 | Books |
